00866nam a2200205 a 450000100100000000500170001000800410002702000180006804000250008608200160011110000440012724501800017126000400035130000310039150400280042259000610045004900090051195201230052099900170064300002655220200930030301.0110323s2007 dr c 000 0 eng d a9789945858624 aDO-SdBNPbspacBNPHU axxxxbV434l1 aVelazquez Santos, Rafael Antonio95365410aLetters to his excellency president George W. Bush and the Issac Newton's theory of gravity on earth :ba real matter or a scientific myth? /cRafael Antonio Velazquez Santos. aSanto Domingo :bCybercolor,c2007. a209 p. :bretrs. ;c22 cm. aBibliografía : p. 209 aLa biblioteca posee 1 ejemplar autografiado por el autor aBNPD 001054708PDaPDbPDcCTd2011-04-04iLF1l0oxxxx V434lp26552-10r2020-06-25w2020-06-25yLFPDZPréstamo en sala c26044d26044